01873nam a2200241 4500952009600000999001900096008004100115020002800156020002700184082002000211245015200231260006600383300004300449500004500492504003200537505083600569519004301405650003401448650004101482650004801523650005301571942000701624 00104070a01b01d2020-03-02l0oFOL 917.2 P275p01 015254r2020-03-02t1w2020-03-02yLB c104894d104894200302s1998 mx o|||| |||| 00| 0 spa d a9686658294 (español) a9686658300 (inglés) aFOL 917.2bP275 aPatrimonio de la humanidad en Méxicoc/ Secretaría de Educación Pública, Comisión Nacional de los Estados Unidos Mexicanos para la UNESCO aMéxicob: Fondo Editorial de la Plástica Mexicanac, 1998 a320 páginasb: fotografías a color aDonativo: Lic. Carlos Cendejas Contreras aBibliografía (pp.315-320) a- Centro Histórico de la Ciudad de México y zona lacustre de Xochimilco - A labúsqueda de Teotihuacán - Centro histórico de Puebla de Zaragoza - Ciudad prehispánica y Parque Nacional de Pelenque - Reserva de la biósfera de Sian Ka'an - Ciudad prehispánica de Chichen Itzá - Ciudad histórica de Guanajuato y Minas adyacentes - Zona de monumentos históricos de Morelia, Michoacán - Ciudad prehispánica de el Tajin - Las pinturas rupestres de la Sierra de San Francisco en Baja California Sur - El refugio de ballenas en las Lagunas de El Vizcaino, Baja California Sur - Centro histórico de Zacatecas - Primeros Monasterios del siglo XVI en las laderas del Popocatépetl - Zona de monumentos históricos de Querétaro - Uxmal y sitios prehispánicos del Puuc, Kabah, Sayil y Labna - Hospicio Cabañas  aMaterial Complementario /d(01 015254)14aSITIOS HISTÓRICOSzMÉXICO24aPRESERVACIÓN HISTÓRICAzMÉXICO24aPATRIMONIO CULTURALxPROTECCIÓNzMÉXICO24aLUGARES HISTÓRICOSxOBRAS ILUSTRADASzMÉXICO cLB